Introducci ̤al Dret local de Catalunya

Bibliographic Details
Other Authors: Gifreu Font, Judith
Format: Unknown
Language:Catalan
Published: Barcelona : Cedecs, 2005
Subjects:
Online Access:Acceso restringido

MARC

LEADER 00000ny a22000003n 4500
005 20110620123734.0
008 050317s2005 sp 000 0 cat d
035 |a 706 
040 |d vLex 
080 |a 352  |x (460.23) 
090 |c 868  |d 868 
245 0 0 |a Introducci ̤al Dret local de Catalunya  |h [Recurso electrn̤ico]  |c Judith Gifreu i Font (coord.) 
256 |a Servicio en ln̕ea 
260 |a Barcelona :  |b Cedecs,  |c 2005 
300 |a p. ;  |c cm 
506 1 |a Contenido solo disponible en los productos indicados  |d vLex Global  |d vLex Global (Academic Edition, excluding Law Schools)  |d vLex Global (U.S. Academic Edition, Law Schools)  |d vLex Global (U.S. Academic Edition, excluding Law Schools)  |d vLex Global (Academic Edition, Law Schools) 
650 0 7 |a Derecho foral  |2 Tesauro vLex 
650 0 7 |a Derecho foral de Cataluą  |2 Tesauro vLex 
650 0 7 |a Derecho foral local de Cataluą  |2 Tesauro vLex 
700 1 |a Gifreu Font, Judith 
740 0 |a vLex Libros (Servicios en ln̕ea) 
856 4 0 |u http://vlex.com/source/706  |z Acceso restringido 
942 |c BOOK 
999 0 |a Law  |b Barcelona